La vieja salvaje y otros cuentos /

Guardado en:
Autor Principal: Maupassant, Guy De
Formato: Libro
Publicado: Buenos Aires : Centro Editor de Am'rica Latina, 1971
Materias:
Etiquetas: Agregar Etiqueta
Sin Etiquetas, Sea el primero en etiquetar este registro!
LEADER 00715nam a22001935a 4500
001 CEM.cems004244
005 20060216000000.0
008 130507s1971##################000#0#####d
003 CEMS
082 0 4 |a 843.8 
100 1 |a Maupassant, Guy De 
245 1 0 |a La vieja salvaje y otros cuentos / 
260 |a Buenos Aires :  |b Centro Editor de Am'rica Latina,  |c 1971 
300 |a 125 p. 
505 0 |a El regreso.-La loca.-Pierrot.-En el mar.-La aventura de Walter Schnaffs.-El cordelito.-Mi t¡o Julio.-La vieja salvaje.-El barrilito.-El collar.-A caballo.-Dos amigos.-Los prisioneros.- 
653 |a Cuentos 
653 |a Cuentos franceses 
653 |a Literatura 
859 |a CEMS  |b BIB. CEMS - 11 de abril  |h 843.8  |i M445  |p 8538.80  |t Ej.1